| 000 | 00486nam a2200169Ia 4500 | ||
|---|---|---|---|
| 008 | 230917s9999||||xx |||||||||||||| ||und|| | ||
| 020 | _cRS595 | ||
| 040 |
_e236103 _aMAIN |
||
| 041 | _aEnglish | ||
| 082 | _a320.954 M697P | ||
| 100 | _aMitra, Subrata K | ||
| 245 | 0 | _aPolitics in india : Structures, processes and policy | |
| 260 |
_aNew Delhi _bOxford University Press _c2014 |
||
| 300 | _axxxii, 405 p. | ||
| 500 | _a2476 30/11/2016 RK16/2838 07/12/2016 Main Budget | ||
| 942 | _cBK | ||
| 999 |
_c19977 _d19977 |
||